Elections Without a Bush, Dole, or Nixon - Statistics

General Stats
  • This quiz has been taken 306 times
  • The average score is 14 of 16
Answer Stats
Question Tile Select % Correct
In which of these U.S. presidential election years was there NO man named either Bush, Dole or Nixon on the Republican Party ticket as either a candidate for president or vice-president? 1968 No
96%
In which of these U.S. presidential election years was there NO man named either Bush, Dole or Nixon on the Republican Party ticket as either a candidate for president or vice-president? 1988 No
96%
In which of these U.S. presidential election years was there NO man named either Bush, Dole or Nixon on the Republican Party ticket as either a candidate for president or vice-president? 1992 No
96%
In which of these U.S. presidential election years was there NO man named either Bush, Dole or Nixon on the Republican Party ticket as either a candidate for president or vice-president? 2000 No
96%
In which of these U.S. presidential election years was there NO man named either Bush, Dole or Nixon on the Republican Party ticket as either a candidate for president or vice-president? 1972 No
95%
In which of these U.S. presidential election years was there NO man named either Bush, Dole or Nixon on the Republican Party ticket as either a candidate for president or vice-president? 2004 No
95%
In which of these U.S. presidential election years was there NO man named either Bush, Dole or Nixon on the Republican Party ticket as either a candidate for president or vice-president? 1960 No
94%
In which of these U.S. presidential election years was there NO man named either Bush, Dole or Nixon on the Republican Party ticket as either a candidate for president or vice-president? 1980 No
91%
In which of these U.S. presidential election years was there NO man named either Bush, Dole or Nixon on the Republican Party ticket as either a candidate for president or vice-president? 1984 No
91%
In which of these U.S. presidential election years was there NO man named either Bush, Dole or Nixon on the Republican Party ticket as either a candidate for president or vice-president? 1996 No
90%
In which of these U.S. presidential election years was there NO man named either Bush, Dole or Nixon on the Republican Party ticket as either a candidate for president or vice-president? 2012 Yes
89%
In which of these U.S. presidential election years was there NO man named either Bush, Dole or Nixon on the Republican Party ticket as either a candidate for president or vice-president? 2008 Yes
83%
In which of these U.S. presidential election years was there NO man named either Bush, Dole or Nixon on the Republican Party ticket as either a candidate for president or vice-president? 1956 No
80%
In which of these U.S. presidential election years was there NO man named either Bush, Dole or Nixon on the Republican Party ticket as either a candidate for president or vice-president? 1952 No
76%
In which of these U.S. presidential election years was there NO man named either Bush, Dole or Nixon on the Republican Party ticket as either a candidate for president or vice-president? 1964 Yes
76%
In which of these U.S. presidential election years was there NO man named either Bush, Dole or Nixon on the Republican Party ticket as either a candidate for president or vice-president? 1976 No
65%
No matching quizzes found
Score Distribution
Percent of People with Each Score
Percentile by Number Answered
Your Score History
You have not taken this quiz